| 000 | 00616nam a22001937a 4500 | ||
|---|---|---|---|
| 005 | 20251108174537.0 | ||
| 008 | 250721s2008 xx 000 0 ara d | ||
| 082 | 1 | 4 | _a869.1/أند |
| 100 | 1 |
_aأندريسن، صوفيا دي ميلو _eمؤلف |
|
| 245 | 1 | 0 | _aعراء الحياة : مختارات شعرية / |
| 264 | 1 |
_aعمان : _bفضاءات للنشر و التوزيع، _c2008. |
|
| 300 | _a223 ص. | ||
| 650 | 1 | 7 | _aالادب المترجم |
| 650 | 1 | 7 | _aالادب البرتغالي |
| 650 | 1 | 7 | _aالشعر |
| 700 | 1 |
_aنجمي، حسن _eمترجم |
|
| 942 |
_2ddc _cBK |
||
| 999 |
_c111856 _d111856 |
||